HOMI J BHABHA (Record no. 6403)
[ view plain ]
| 000 -LEADER | |
|---|---|
| fixed length control field | 00306nam a22001457a 4500 |
| 020 ## - INTERNATIONAL STANDARD BOOK NUMBER | |
| ISBN | 81-291-0477-6 |
| 082 ## - DEWEY DECIMAL CLASSIFICATION NUMBER | |
| Classification number | 920 |
| Item number | SAL/H |
| 100 ## - MAIN ENTRY--AUTHOR NAME | |
| Personal name | SALWI, M DILIP |
| 245 ## - TITLE STATEMENT | |
| Title | HOMI J BHABHA |
| 250 ## - EDITION STATEMENT | |
| Edition statement | 2004 |
| 260 ## - PUBLICATION, DISTRIBUTION, ETC. (IMPRINT) | |
| Place of publication | NEW DELHI |
| Name of publisher | RUPA |
| Year of publication | 2004 |
| 300 ## - PHYSICAL DESCRIPTION | |
| Number of Pages | 68 |
| 650 ## - SUBJECT ADDED ENTRY--TOPICAL TERM | |
| Topical Term | BIOGRAPHY |
| Geographic subdivision | NEW DELHI |
| 942 ## - ADDED ENTRY ELEMENTS (KOHA) | |
| Koha item type | Books |
| Withdrawn status | Lost status | Collection code | Home library | Current library | Shelving location | Date acquired | Source of acquisition | Full call number | Accession Number | Koha item type |
|---|---|---|---|---|---|---|---|---|---|---|
| Reference | Main Library | Main Library | SHELF-17-L-BIOGRAPHIES & AUTOBIOGRAPHIES | 07/10/2006 | PURCHASE | 920 SAL/H | 03225 | Books |